|
|
|
|
| LEADER |
00000njm a2200000 4500 |
| 001 |
vtls012017096 |
| 003 |
SK-MaSNL |
| 005 |
20260301054559.0 |
| 007 |
sd bszg p |
| 008 |
210308s1976 ii ppz g 0 0 eng |
| 028 |
0 |
1 |
|a Bron. 411
|b Bronze
|
| 028 |
1 |
3 |
|a ILPS 9411 A
|b Bronze
|
| 028 |
1 |
3 |
|a ILPS 9411 B
|b Bronze
|
| 040 |
|
|
|a SNK
|b slo
|c SNK
|e rda
|
| 041 |
0 |
|
|a eng
|a mul
|
| 044 |
|
|
|a ii
|c IN
|
| 072 |
|
7 |
|a 78.011.26
|x Populárna hudba. Populárne piesne. Populárna tanečná hudba
|2 konspekt
|
| 080 |
|
|
|a 784.4
|2 2011
|
| 080 |
|
|
|a (086.72)
|2 2011
|
| 110 |
2 |
|
|a Osibisa (hudobná skupina)
|4 aut
|9 366840
|
| 245 |
0 |
0 |
|a Ojah Awake
|c Osibisa
|
| 264 |
|
1 |
|a [India]
|b Bronze
|c [1976]
|
| 264 |
|
4 |
|c Ⓟ1976
|
| 300 |
|
|
|a 1 gramofónová platňa
|c 30 cm
|
| 336 |
|
|
|a hraná hudba
|b prm
|2 rdacontent
|
| 337 |
|
|
|a audio
|b s
|2 rdamedia
|
| 338 |
|
|
|a iný
|b z
|2 rdacarrier
|
| 340 |
|
|
|a vinyl
|a rda
|
| 344 |
|
|
|a analog
|c 33 ot/min
|g stereo
|2 rda
|
| 500 |
|
|
|a Názov prevzatý z obalu
|
| 500 |
|
|
|a Miesto vydania podľa vydavateľa
|
| 500 |
|
|
|a Platňa obsahuje 9 sklaieb
|
| 650 |
0 |
7 |
|a populárna hudba
|2 SNKPH
|9 3428
|
| 650 |
0 |
7 |
|a Popular music
|2 SNKPHeng
|9 90436
|
| 655 |
|
7 |
|a gramofónové platne
|2 SNKPH
|9 74608
|
| 655 |
|
7 |
|a Gramophone records
|2 SNKPHeng
|9 286457
|
| 700 |
1 |
|
|a Hilliard, Bob
|4 cmp
|9 366841
|
| 700 |
1 |
|
|a Miles, Richard
|4 cmp
|9 366842
|
| 700 |
1 |
|
|a Egnos, Bertha
|4 cmp
|9 366843
|
| 700 |
1 |
|
|a Lakier, Gail
|4 cmp
|9 366844
|
| 700 |
1 |
|
|a Odumosu, Mike
|4 mus
|9 366845
|
| 700 |
1 |
|
|a Richardson, Wendel
|4 mus
|9 366846
|
| 700 |
1 |
|
|a Tontoh, Mac
|4 mus
|9 366847
|
| 700 |
1 |
|
|a Osei, Teddy
|4 cmp
|9 366848
|
| 700 |
1 |
|
|a Kiki Gyan
|4 mus
|9 366849
|
| 700 |
1 |
|
|a Amarfio, Sol
|4 mus
|9 366850
|
| 740 |
0 |
2 |
|a The Coffee Song
|h zvukový záznam
|
| 740 |
0 |
2 |
|a The Warrior
|h zvukový záznam
|
| 740 |
0 |
2 |
|a lying Bird 'Anoma'
|h zvukový záznam
|
| 740 |
0 |
2 |
|a Cherryfield
|h zvukový záznam
|
| 740 |
0 |
2 |
|a Dance The Body Music
|h zvukový záznam
|
| 740 |
0 |
2 |
|a Ojah Awake
|h zvukový záznam
|
| 740 |
0 |
2 |
|a Keep On Trying
|h zvukový záznam
|
| 740 |
0 |
2 |
|a Hamattan
|h zvukový záznam
|
| 740 |
0 |
2 |
|a Sakabo
|h zvukový záznam
|
| 999 |
|
|
|c 611285
|d 613215
|
| 952 |
|
|
|a SNK
|b SNK
|y PREZ
|7 0
|p 17A1419770
|o snkSv 1293
|i snk7053/78
|0 0
|1 0
|4 0
|d 2021-03-08
|l 0
|r 2026-02-23 16:23:31
|w 2026-02-23
|